James Bond Villains - Statistics

General Stats
  • This quiz has been taken 3,713 times
  • The average score is 11 of 22
Answer Stats
Hint Answer % Correct
Dr No Dr No
90%
Goldfinger Auric Goldfinger
88%
You Only Live Twice Ernst Stavro Blofeld
82%
On Her Majesty's Secret Service Ernst Stavro Blofeld
82%
Diamonds are Forever Ernst Stavro Blofeld
82%
The Man with the Golden Gun Francisco Scaramanga
68%
Moonraker Hugo Drax
54%
Casino Royale Le Chiffre
52%
A View to a Kill Max Zorin
46%
Thunderball Emilio Largo
42%
Live and Let Die Mr Big Or Doctor Kananga
42%
Tomorrow Never Dies Elliot Carver
41%
From Russia with Love Rosa Klebb
38%
Goldeneye Alec Trevelyan
34%
Octopussy Kamal Khan
34%
The World is Not Enough Renard
34%
Quantum of Solace Dominic Greene
33%
Licence to Kill Franz Sanchez
33%
The Spy Who Loved Me Karl Stromberg
32%
Die Another Day Gustav Graves
30%
For Your Eyes Only Aristotle Kristatos
23%
The Living Daylights Brad Whitaker
20%
No matching quizzes found
Score Distribution
Percent of People with Each Score
Percentile by Number Answered
Your Score History
You have not taken this quiz